| 000 | 00983cam a2200145 4500500 | ||
|---|---|---|---|
| 005 | 20251228090854.0 | ||
| 041 | _afre | ||
| 042 | _adc | ||
| 100 | 1 | 0 |
_aRioux, Jean-Pierre _eauthor |
| 245 | 0 | 0 | _aMALKA Salomon (dir.), Dictionnaire Charles Péguy, Albin Michel, 429 p., 22 €. Avec de nombreuses contributions : d’Yves Avril à Michel Winock, en passant par Céline Barral, Pauline Bruley, Denis Charbit, Charles Coustille, Charles Coutel, Claire Daudin, Nicolas Faguer, Patrick Kéchichian, Denis Labouret, Michel Leymarie, Michaël Lonsdale, Denis Pernot, Freddy Raphaël, Camille Riquier, Jérôme Roger, Paul Thibaud, Eric Thiers, Romain Vaissermann, Marie Vélikanov, Jean-Pierre Sueur, Alexandre de Vitry. |
| 260 | _c2018. | ||
| 500 | _a15 | ||
| 786 | 0 | _nBulletin de l’Amitié Charles Péguy | 164 | 4 | 2018-04-23 | p. 384-386 | 0180-8567 | |
| 856 | 4 | 1 | _uhttps://shs.cairn.info/revue-bulletin-de-lamitie-charles-peguy-2018-4-page-384?lang=fr&redirect-ssocas=7080 |
| 999 |
_c1602809 _d1602809 |
||